Southville International School and Colleges
Your cart is empty.
  • Cart
  • Lists
    Public lists Eva Luna New books Lux_list list_1
    Your lists Log in to create your own lists
  • Log in to your account
  • Your cookies
  • Search history
Southville International School and Colleges
  • Advanced search
  • Recent comments
  • Most popular
  • Libraries

Log in to your account

Log in with GOOGLE


If you do not have an external account, but do have a local account, you can still log in:

  1. Home
  2. MARC view: The Oxford dictionary of music /
Normal view MARC view ISBD view

The Oxford dictionary of music / (Record no. 395)

[ view plain ]
MARC details
000 -LEADER
fixed length control field 01221pam a2200325 a 4500
001 - CONTROL NUMBER
control field 2067326
003 - CONTROL NUMBER IDENTIFIER
control field OSt
005 - DATE AND TIME OF LATEST TRANSACTION
control field 20140310181628.0
008 - FIXED-LENGTH DATA ELEMENTS--GENERAL INFORMATION
fixed length control field 940204s1994 enka bd 000 0deng
010 ## - LIBRARY OF CONGRESS CONTROL NUMBER
LC control number 94004539
020 ## - INTERNATIONAL STANDARD BOOK NUMBER
International Standard Book Number 0198691629 :
Terms of availability £25.00
040 ## - CATALOGING SOURCE
Original cataloging agency DLC
Transcribing agency DLC
Modifying agency DLC
050 00 - LIBRARY OF CONGRESS CALL NUMBER
Classification number ML 100
Item number .K35 1994
082 00 - DEWEY DECIMAL CLASSIFICATION NUMBER
Classification number REF 780.03
Item number K384 1994
100 1# - MAIN ENTRY--PERSONAL NAME
Personal name Kennedy, Michael,
Dates associated with a name 1926-
245 14 - TITLE STATEMENT
Title The Oxford dictionary of music /
Statement of responsibility, etc Michael Kennedy, Joyce Bourne (associate editor)
250 ## - EDITION STATEMENT
Edition statement 2nd ed.
260 ## - PUBLICATION, DISTRIBUTION, ETC. (IMPRINT)
Place of publication, distribution, etc New York :
Name of publisher, distributor, etc Oxford University Press,
Date of publication, distribution, etc c1994.
300 ## - PHYSICAL DESCRIPTION
Extent xv, 985 p.
Dimensions 24 cm.
650 #0 - SUBJECT ADDED ENTRY--TOPICAL TERM
Topical term or geographic name as entry element Music
General subdivision Dictionaries.
650 #0 - SUBJECT ADDED ENTRY--TOPICAL TERM
Topical term or geographic name as entry element Music
General subdivision Bio-bibliography.
700 1# - ADDED ENTRY--PERSONAL NAME
Personal name Kennedy, Joyce Bourne.
856 42 - ELECTRONIC LOCATION AND ACCESS
Materials specified Publisher description
Uniform Resource Identifier <a href="http://www.loc.gov/catdir/enhancements/fy0605/94004539-d.html">http://www.loc.gov/catdir/enhancements/fy0605/94004539-d.html</a>
856 41 - ELECTRONIC LOCATION AND ACCESS
Materials specified Table of contents only
Uniform Resource Identifier <a href="http://www.loc.gov/catdir/enhancements/fy0605/94004539-t.html">http://www.loc.gov/catdir/enhancements/fy0605/94004539-t.html</a>
856 42 - ELECTRONIC LOCATION AND ACCESS
Materials specified Contributor biographical information
Uniform Resource Identifier <a href="http://www.loc.gov/catdir/enhancements/fy0724/94004539-b.html">http://www.loc.gov/catdir/enhancements/fy0724/94004539-b.html</a>
906 ## - LOCAL DATA ELEMENT F, LDF (RLIN)
a 7
b cbc
c orignew
d 1
e ocip
f 19
g y-gencatlg
942 ## - ADDED ENTRY ELEMENTS (KOHA)
Source of classification or shelving scheme Library of Congress Classification
Koha item type Books
Holdings
Withdrawn status Lost status Source of classification or shelving scheme Damaged status Home library Current library Shelving location Date acquired Total Checkouts Full call number Barcode Date last seen Copy number Price effective from Koha item type
    Library of Congress Classification   Luxembourg Library Luxembourg Library Reference Section 02/21/2012   ML 100 .K35 1994 6615 11/11/2015 1 10/03/2013 Books

The Oxford dictionary of music /

APA

Kennedy M., Kennedy J. B., . (1994). The Oxford dictionary of music. New York: Oxford University Press.

Chicago

Kennedy Michael, Kennedy Joyce Bourne, . 1994. The Oxford dictionary of music. New York: Oxford University Press.

Harvard

Kennedy M., Kennedy J. B., . (1994). The Oxford dictionary of music. New York: Oxford University Press.

MLA

Kennedy Michael, Kennedy Joyce Bourne, . The Oxford dictionary of music. New York: Oxford University Press. 1994.

  • Place hold
  • Print
  • Cite
  • Add to your cart (remove)
  • Save record
    BIBTEX Dublin Core MARCXML MARC (non-Unicode/MARC-8) MARC (Unicode/UTF-8) MARC (Unicode/UTF-8, Standard) MODS (XML) RIS
  • More searches
    Search for this title in:
    Other Libraries (WorldCat) Other Databases (Google Scholar) Online Stores (Bookfinder.com) Open Library (openlibrary.org)

Exporting to Dublin Core...

SOUTHVILLE LIBRARY

Southville International School and Colleges Library

1281 Tropical Ave. Cor. Luxembourg St., BF Homes International, Las Pinas City

Tel. No. 8256374 / 252358 Loc. 117/146

Powered by Koha